| 000 | 00325 a2200133 4500 | ||
|---|---|---|---|
| 001 | 55516 | ||
| 082 | _a155.9042 SEA | ||
| 090 |
_c34451 _d34451 |
||
| 100 | _aSeaward, Brian Luke | ||
| 245 | _aEssentials of managing stress with CD | ||
| 260 |
_aBoston _bJones & Bartlett _c2006 |
||
| 300 | _ewith CD | ||
| 500 | _aCD/DVD | ||
| 942 |
_aNUST-CAE _k155.9042 SEA |
||
| 999 |
_c290589 _d290589 |
||